| 000 | 004820000a22001690004500 | ||
|---|---|---|---|
| 003 | MACL | ||
| 005 | 20150819173904.0 | ||
| 008 | 150819b xxu||||| |||| 00| 0 eng d | ||
| 040 |
_aMACL _cMACL |
||
| 041 | _aEnglish | ||
| 082 | _a610/BAN | ||
| 100 |
_aBanerjee, Madhulika _96359 |
||
| 245 |
_aPower Knowledge Medicine _bAyurvedic Pharamceutical at home and in the World |
||
| 260 |
_bOrient Blackswan _c2009 _aHyderabad |
||
| 650 |
_aMedical Science _985 |
||
| 942 |
_cBK _k610/BAN _2ddc |
||
| 999 |
_c42175 _d42175 |
||